| 000 | 02011nam a2200409 i 4500 | ||
|---|---|---|---|
| 001 | ebr10954918 | ||
| 003 | CaPaEBR | ||
| 006 | m o d | ||
| 007 | cr cn||||||||| | ||
| 008 | 141023t20142014ne a ob 001 0 eng d | ||
| 020 | _z9789462097230 | ||
| 020 | _z9789462097247 | ||
| 020 | _a9789462097254 (e-book) | ||
| 040 |
_aCaPaEBR _beng _erda _epn _cCaPaEBR |
||
| 035 | _a(OCoLC)894511603 | ||
| 050 | 1 | 4 |
_aLC149 _b.K455 2014eb |
| 082 | 0 | 4 |
_a302.2244 _223 |
| 100 | 1 |
_aKellogg, David, _eauthor. |
|
| 245 | 1 | 4 |
_aThe great globe and all who it inherit : _bnarrative and dialogue in story-telling with Halliday, Vygotsky, and Shakespeare / _cDavid Kellogg. |
| 264 | 1 |
_aRotterdam, Netherlands : _bSense Publishers, _c2014. |
|
| 264 | 4 | _c�2014 | |
| 300 |
_a1 online resource (362 pages) : _billustrations (some color). |
||
| 336 |
_atext _2rdacontent |
||
| 337 |
_acomputer _2rdamedia |
||
| 338 |
_aonline resource _2rdacarrier |
||
| 490 | 1 |
_aImagination and Praxis: Criticality and Creativity in Education and Educational Research ; _vVolume 3 |
|
| 504 | _aIncludes bibliographical references at the end of each chapters and index. | ||
| 588 | _aDescription based on online resource; title from PDF title page (ebrary, viewed October 23, 2014). | ||
| 590 | _aElectronic reproduction. Palo Alto, Calif. : ebrary, 2014. Available via World Wide Web. Access may be limited to ebrary affiliated libraries. | ||
| 650 | 0 | _aLiteracy. | |
| 650 | 0 |
_aTeachers _xTraining of. |
|
| 655 | 0 | _aElectronic books. | |
| 776 | 0 | 8 |
_iPrint version: _aKellogg, David. _tGreat globe and all who it inherit : narrative and dialogue in story-telling with Halliday, Vygotsky, and Shakespeare. _dRotterdam, Netherlands : Sense Publishers, c2014 _hix, 358 pages _kImagination and praxis ; Volume 3. _z9789462097230 |
| 797 | 2 | _aebrary. | |
| 830 | 0 |
_aImagination and praxis ; _vVolume 3. |
|
| 856 | 4 | 0 |
_uhttp://site.ebrary.com/lib/rucke/Doc?id=10954918 _zAn electronic book accessible through the World Wide Web; click to view |
| 999 |
_c3634 _d3634 |
||